Aviso a los literatos y poderosos acerca de su salud (Record no. 10884)

MARC details
000 -CABECERA
campo de control de longitud fija 01194nam a22002657a 4500
001 - NÚMERO DE CONTROL
campo de control CFM_9265
003 - IDENTIFICADOR DEL NÚMERO DE CONTROL
campo de control FranzMayer
005 - FECHA Y HORA DE LA ÚLTIMA TRANSACCIÓN
campo de control 20230719122203.0
008 - DATOS DE LONGITUD FIJA--INFORMACIÓN GENERAL
campo de control de longitud fija 230719b |||||||| |||| 00| 0 eng d
040 ## - FUENTE DE LA CATALOGACIÓN
Centro catalogador/agencia de origen MFM
Lengua de catalogación esp
Centro/agencia transcriptor MFM
050 #4 - SIGNATURA TOPOGRÁFICA DE LA BIBLIOTECA DEL CONGRESO
Número de clasificación LM16
Número de documento/Ítem T57 1786
082 ## - NÚMERO DE LA CLASIFICACIÓN DECIMAL DEWEY
Número de edición R148
100 1# - ENTRADA PRINCIPAL--NOMBRE DE PERSONA
Código de función/relación Autor
Nombre de persona Tissot, Mr.
9 (RLIN) 28841
240 1# - TÍTULO UNIFORME
Título uniforme Aviso a los literatos y poderosos acerca de su salud
Medio Tratados de las enfermedades más comunes á esta clase de personas
Lenguaje de la obra esp
245 0# - MENCIÓN DE TÍTULO
Título Aviso a los literatos y poderosos acerca de su salud
Resto del título Tratados de las enfermedades más comunes á esta clase de personas
260 ## - PUBLICACIÓN, DISTRIBUCIÓN, ETC.
Lugar de publicación, distribución, etc. Madrid, España
Nombre del editor, distribuidor, etc. Imprenta de Benito Cano
Fecha de publicación, distribución, etc. 1986
300 ## - DESCRIPCIÓN FÍSICA
Extensión 432 p
Dimensiones 21 cm
500 ## - NOTA GENERAL
Nota general Incluye una nota escrita a mano en la segunda hoja
505 0# - NOTA DE CONTENIDO CON FORMATO
Nota de contenido con formato Texto en: españolTraducido del fráncesDirigido a: médicos, historiadores, sociólogos, investigadores, científicos Incluye índice temático
600 1# - PUNTO DE ACCESO ADICIONAL DE MATERIA--NOMBRE DE PERSONA
Fuente del encabezamiento o término Traductor
Nombre de persona Galisteo Xiorro, Félix
9 (RLIN) 28842
650 1# - PUNTO DE ACCESO ADICIONAL DE MATERIA--TÉRMINO DE MATERIA
Fuente del encabezamiento o término Medicina
Término de materia o nombre geográfico como elemento de entrada Historia de la medicina
Subdivisión de forma Siglo XVII-XVIII
9 (RLIN) 28843
651 ## - PUNTO DE ACCESO ADICIONAL DE MATERIA--NOMBRE GEOGRÁFICO
Fuente del encabezamiento o término Historia europea
Nombre geográfico Medicina
Subdivisión de forma Medicina medieval
9 (RLIN) 28844
700 1# - PUNTO DE ACCESO ADICIONAL--NOMBRE DE PERSONA
Código de función/relación Trad.
Nombre de persona Galisteo Xiorro, Félix
9 (RLIN) 28845
942 ## - ELEMENTOS DE PUNTO DE ACCESO ADICIONAL (KOHA)
Fuente del sistema de clasificación o colocación Library of Congress Classification
Tipo de ítem Koha Libros
Holdings
Estado de retiro Estado de pérdida Fuente del sistema de clasificación o colocación Estado dañado No para préstamo Código de colección Localización permanente Ubicación/localización actual Fecha de adquisición Fuente de adquisición Total de préstamos Signatura topográfica completa Código de barras Fecha visto por última vez Precio válido a partir de Tipo de ítem Koha
El ejemplar forma parte de la colección y puede ser consultado según las políticas vigentes.   Library of Congress Classification     Conventual Franz Mayer Biblioteca del Museo Franz Mayer (Rogerio Casas-Alatriste) Biblioteca del Museo Franz Mayer (Rogerio Casas-Alatriste) 19/07/2023 Donación   LM16 T57 1786 CFM00498 19/07/2023 19/07/2023 Libros